000 00518 a2200181 4500
005 20251227122847.0
008 251227b |||||||| |||| 00| 0 eng d
020 _a9789348491398
_cRs. 1695.00
040 _aMAIN
082 _a300.72
_bS64R
100 _aSingh, Ajay Kumar
245 _aResearch methodology: Principles, processes and practices
260 _bKanishka Publishers, Distributors
_c2025
_aNew Delhi
300 _axiii, 274
650 _aResearch Methodology
700 _aSingh, Pooja
942 _cBK
999 _c393785
_d393785